Представление документа в формате MARC21

Поле Инд. ПП Название Значение
Тип записи a
Библиографический уровень m
001 Контрольный номер RU/IS/BASE/469111827
005 Дата корректировки 20150513112219.1
020 a ISBN 978-5-4396-0236-0
040 a Служба первич. каталог. НБ ТвГУ
b Код языка каталог. rus
e Правила каталог. PSBO
041 0_ a Код языка текста rus
080 a Индекс УДК 347.78
084 a Индекс другой классификации/Индекс ББК Х404.313
084 a Индекс другой классификации/Индекс ББК Х933.1
090 a Полочн. индекс Х404.3
x Авторский знак М 33
100 1_ a Автор Матвеев Антон Геннадьевич
c Титул (звания) к.ю.н.
q Полное имя Матвеев А. Г.
245 00 a Заглавие Право авторства и право на неприкосновенность произведения в российском и международном авторском праве
260 a Место издания Москва
b Издательство Юрлитинформ
c Дата издания 2013
300 a Объем 213, [1] с.
440 _0 a Серия Современная российская цивилистика
504 a Библиография Библиогр.: с. 193-213 и в подстроч. примеч.
520 a Аннотация Монография посвящена исследованию права авторства и права на неприкосновенность произведения — двух ключевых личных неимущественных (моральных) прав автора. Эти права имеют универсальный и фундаментальный характер, так как из группы моральных прав автора только они признаны Бернской конвенцией по охране литературных и художественных произведений — важнейшим актом международного авторского права. Право авторства и право на неприкосновенность произведения рассматриваются в работе с цивилистической и международно­правовой точек зрения. Излагаются мировая и российская эволюция указанных прав. Обстоятельно исследуются история и современное состояние моральных прав автора в Бернской конвенции по охране литературных и художественных произведений. Право авторства и право на неприкосновенность произведения рассматриваются в контексте иных многосторонних договоров по авторскому праву, а также права Европейского союза. Особое внимание уделяется анализу концепции личных неимущественных прав автора в части четвертой Гражданского кодекса России. Подробно исследуется действующая регламентация права авторства и права на неприкосновенность произведения. Определяются природа, содержание этих прав, их соотношение с близкими им авторскими правами. Решается вопрос о соответствии регламентации права авторства и права на неприкосновенность произведения в части четвертой Гражданского кодекса РФ нормам международного права. Работа содержит конкретные предложения по совершенствованию гражданского законодательства России.
К нига предназначена для научных работников, преподавателей, студентов и аспирантов юридических вузов, а также широкого круга читателей, интересу­ющихся вопросами авторского права.
653 a Ключевые слова Авторское право
a Ключевые слова Авторство
a Ключевые слова Гражданское право
a Ключевые слова Интеллектуальная собственность
a Ключевые слова Международное авторское право
a Ключевые слова Международное право
a Ключевые слова Международное частное право
a Ключевые слова Неприкосновенность произведения
a Ключевые слова Права авторов
a Ключевые слова Право авторства
a Ключевые слова Право на авторство
a Ключевые слова Право на неприкосновенность произведения
a Ключевые слова Правовая охрана интеллектуальной собственности
a Ключевые слова Российская Федерация
a Ключевые слова Содержание авторского права
901 t Тип документа m
920 a Оператор Семен
a Оператор Конд
a Оператор Густ
a Оператор Стро
930 a Новая/Ретро новая
952 c Вид литературы К рн
954 a Дата поступления на обработку 20141124
c Дата окончания ОНО 20141126
b Дата поступления в ОК 20141112